| 000 | 00553nam a22002057a 4500 | ||
|---|---|---|---|
| 003 | OSt | ||
| 005 | 20151123131213.0 | ||
| 008 | 151123b xxu||||| |||| 00| 0 eng d | ||
| 020 | _a 0721600115 | ||
| 040 | _cDLMN | ||
| 082 | _aWY20.5 B93u2003. | ||
| 100 |
_aBurns ,Nancy;GroveK.Susan; _96262 |
||
| 245 | _aUnderstanding Nursing Research. | ||
| 250 | _a3rd ed | ||
| 260 |
_aPhiladelphia; _bSaunders, _c2003. |
||
| 300 |
_axv,512p; _bcol,ill: _c23cm |
||
| 504 | _aincludes index and glossary | ||
| 651 |
_aNursing Research. _96263 |
||
| 942 |
_2z _cSLOAN |
||
| 999 |
_c2652 _d2652 |
||